Emissions from Indirect Land Use Change: Do They Matter With Fuel Market Leakages?
Pravidlá týkajúce sa kukurice a etanolu napomáhajú väčšiemu úniku uhlíka pri ich pestovaní a výrobe než na samotnom trhu s palivami.
Salvato in:
| Autore principale: | |
|---|---|
| Altri autori: | |
| Natura: | Capitolo di libro |
| Lingua: | inglese |
| Soggetti: | |
| Tags: |
Nessun Tag, puoi essere il primo ad aggiungerne!!
|
MARC
| LEADER | 00000nla a2200000 4500 | ||
|---|---|---|---|
| 001 | 0242571 | ||
| 005 | 20220803175338.0 | ||
| 041 | 0 | |a eng | |
| 044 | |a SK | ||
| 245 | 1 | 0 | |a Emissions from Indirect Land Use Change: Do They Matter With Fuel Market Leakages? |c Dušan Drábik, Harry de Gorter |
| 520 | |a Pravidlá týkajúce sa kukurice a etanolu napomáhajú väčšiemu úniku uhlíka pri ich pestovaní a výrobe než na samotnom trhu s palivami. | ||
| 610 | 2 | 0 | |a biopalivá |
| 610 | 2 | 0 | |a emisie |
| 610 | 2 | 0 | |a poľnohospodárstvo |
| 610 | 2 | 0 | |a poľnohospodárstvo ekologické |
| 610 | 2 | 0 | |a kukurica |
| 610 | 2 | 0 | |a palivá fosílne |
| 610 | 2 | 0 | |a efekt skleníkový |
| 100 | 1 | |a Drábik, Dušan | |
| 700 | 1 | |a de Gorter, Harry | |